Fundamentals of Soil Dynamics and Earthquake Engineering/ (Record no. 1130)

000 -LEADER
fixed length control field 00388 a2200121 4500
020 ## - INTERNATIONAL STANDARD BOOK NUMBER
International Standard Book Number 9788120326705
082 ## - DEWEY DECIMAL CLASSIFICATION NUMBER
Classification number 624.15136 PRA
100 ## - MAIN ENTRY--PERSONAL NAME
Personal name Prasad, Bharat Bhushan
245 ## - TITLE STATEMENT
Title Fundamentals of Soil Dynamics and Earthquake Engineering/
Statement of responsibility, etc. Bharat Bhushan Prasad
260 ## - PUBLICATION, DISTRIBUTION, ETC.
Place of publication, distribution, etc. New Delhi :
Name of publisher, distributor, etc. PHI Learning Private Ltd,
Date of publication, distribution, etc. 2009
300 ## - PHYSICAL DESCRIPTION
Extent xv, 566p. :
Other physical details ill. ;
650 ## - SUBJECT ADDED ENTRY--TOPICAL TERM
Topical term or geographic name entry element Soil Dynamics
650 ## - SUBJECT ADDED ENTRY--TOPICAL TERM
Topical term or geographic name entry element Earthquake Engineering
Holdings
Withdrawn status Lost status Damaged status Not for loan Permanent Location Current Location Shelving location Date acquired Total Checkouts Full call number Barcode Date last seen Date last checked out Price effective from Koha item type
        School of Civil and Environmental Engineering (SCEE) School of Civil and Environmental Engineering (SCEE)     3 624.15136 PRA NIT-6220 11/03/2021 10/13/2021 01/05/2017 Book
© 2023 Central Library, National University of Sciences and Technology. All Rights Reserved.